| 000 | 00919nam a2200289 a 4500 | ||
|---|---|---|---|
| 001 | 75962 | ||
| 003 | BD-RjUL | ||
| 005 | 20211209082753.0 | ||
| 008 | 190925s1970 nyuab bs 001 0 eng | ||
| 020 | _a0471103055 | ||
| 035 | _a(BD-RjUL)76181 | ||
| 040 |
_aDLC _cDLC _dDLC _dBD-RjUL _beng |
||
| 041 | _aeng | ||
| 043 | _an-us--- | ||
| 082 | 0 | 0 |
_223 _a338.522 _bBRM 1970 |
| 100 | 1 |
_aBressler, Raymond G. _q(Raymond George), _d1911- _9233159 |
|
| 245 | 1 | 0 |
_aMarkets, prices, and interregional trade / _c[by] Raymond G. Bressler, Jr. [and] Richard A. King. |
| 260 |
_aNew York : _bWiley, _c1970. |
||
| 300 |
_axviii, 426 p.: _billus.; _c23 cm. |
||
| 504 | _aIncludes bibliographical references. | ||
| 650 | 0 |
_aMarketing _zUnited States. _9233160 |
|
| 650 | 0 |
_aPrices _zUnited States. _9233161 |
|
| 700 | 1 |
_aKing, Richard Adams, _d1922- _9233163 |
|
| 942 |
_2ddc _cBK |
||
| 999 |
_c75962 _d75962 |
||